La enciclopedia del estudiante : (Record no. 28789)
[ view plain ]
| 000 -LEADER | |
|---|---|
| campo de control de longitud fija | 00713nam a22002297a 4500 |
| 001 - NÚMERO DE CONTROL | |
| campo de control | 00028754 |
| 005 - FECHA Y HORA DE LA ÚLTIMA TRANSACCIÓN | |
| campo de control | 20260413101545.0 |
| 008 - DATOS DE LONGITUD FIJA--INFORMACIÓN GENERAL | |
| campo de control de longitud fija | 260413b ag ||||| |||| 00| 0 spa d |
| 020 ## - NÚMERO INTERNACIONAL ESTÁNDAR DEL LIBRO | |
| Número Internacional Estándar del Libro | 9789870416630 |
| 040 ## - FUENTE DE CATALOGACIÓN | |
| Centro catalogador/agencia de origen | AR-CcCEOS |
| Lengua de catalogación | Español; Castellano |
| Centro/agencia transcriptor | AR-CcCEOS |
| 041 ## - CÓDIGO DE IDIOMA | |
| Código de lengua del texto/banda sonora o título independiente | Español; Castellano |
| 080 ## - NÚMERO DE LA CLASIFICACIÓN DECIMAL UNIVERSAL | |
| Número de la Clasificación Decimal Universal | 53/54 |
| 090 ## - LOCALMENTE ASIGNADO TIPO-LC NÚMERO DE CLASIFICACIÓN (OCLC); NÚMERO DE CLASIFICACIÓN LOCAL (RLIN) | |
| Número cutter local (OCLC) ; Número de libro/Signatura topográfica íntegra, CALL (RLIN) | FIS v.7 |
| 245 ## - MENCIÓN DEL TÍTULO | |
| Título | La enciclopedia del estudiante : |
| Resto del título | Física y Química / |
| Mención de responsabilidad, etc. | Laura Pérgola |
| 250 ## - MENCION DE EDICION | |
| Mención de edición | 1ª ed. |
| 264 ## - PRODUCCIÓN, PUBLICACIÓN, DISTRIBUCIÓN, FABRICACIÓN Y COPYRIGHT | |
| Producción, publicación, distribución, fabricación y copyright | Buenos Aires : |
| Nombre del de productor, editor, distribuidor, fabricante | Aguilar, |
| Fecha de producción, publicación, distribución, fabricación o copyright | 2011. |
| 300 ## - DESCRIPCIÓN FÍSICA | |
| Extensión | v. 7, 320 p. ; |
| Dimensiones | 28x20 cm. |
| 490 ## - MENCIÓN DE SERIE | |
| Designación de volumen o secuencia | La enciclopedia del estudiante : 7 |
| 655 #0 - TERMINO DE INDIZACIÓN--GENERO/FORMA | |
| Datos o término principal de género/forma | enciclopedias |
| Subdivisión de forma | material auxiliar para la enseñanza |
| 9 (RLIN) | 1047 |
| 942 ## - ELEMENTOS DE ENTRADA SECUNDARIOS (KOHA) | |
| Fuente de la clasificación o esquema de estantería | Clasificación decimal universal |
| Tipo de ítem Koha | Libros |
| Suprimir en OPAC | No |
| Estatus retirado | Estado de pérdida | Fuente de la clasificación o esquema de estantería | Estado de daño | No para préstamo | Biblioteca de origen | Biblioteca actual | Fecha de adquisición | Fuente de adquisición | Número de inventario | Total de préstamos | Signatura topográfica completa | Información codificada de la localización en otra ubicación | Colección | Código de barras | Visto por última vez | Precio de reemplazo | Tipo de ítem Koha |
|---|---|---|---|---|---|---|---|---|---|---|---|---|---|---|---|---|---|
| Clasificación decimal universal | Biblioteca Julio Serebrinsky | Biblioteca Julio Serebrinsky | 13/04/2026 | Donación | 46357 | 53/54 | FIS v.7 | SER | 46357 | 13/04/2026 | 13/04/2026 | Libros |